00535 a2200169 450000500170000001000240001702000230004103500230006403700150008703700190010208200110012110000210013224500680015326000450022127000690026630000300033520080905112159.0 aENG-87554 B-430972 a0195677382c695.00 aEN-71087 B-430972 bDBAD / PUB bAllied Pub/Ven a841.08 aPetievich, Carla aWhen men speak as womenbvocal masquerade in Indo-Muslim poetry aNew DelhibOxford University Pressc2007 aY.M.C.A . Library building, Jai Singh Road,bNew Delhie110 001. axii, 365 p.c21 cm ( Hb.)